[Event "EYCC 2024 - G16"]
[Site "?"]
[Date "2024.08.22"]
[Round "1.1"]
[White "Abdinova, Narmin"]
[Black "Stankovic, Andrea"]
[Result "1/2-1/2"]
[BlackElo "1856"]
[WhiteElo "2244"]
[LiveChessVersion "1.4.8"]

1. e4 {[%clk 1:30:46]} c5 {[%clk 1:30:51]} 2. c3 {[%clk 1:31:04]} d5
{[%clk 1:31:09]} 3. exd5 {[%clk 1:31:14]} Qxd5 {[%clk 1:31:30]} 4. d4
{[%clk 1:31:27]} Nf6 {[%clk 1:31:21]} 5. Nf3 {[%clk 1:31:38]} Nc6
{[%clk 1:31:20]} 6. Be2 {[%clk 1:30:16]} cxd4 {[%clk 1:30:52]} 7. cxd4
{[%clk 1:29:59]} e6 {[%clk 1:30:07]} 8. Nc3 {[%clk 1:30:25]} Qd6 {[%clk 1:29:06]}
9. O-O {[%clk 1:30:25]} Be7 {[%clk 1:29:15]} 10. a3 {[%clk 1:28:49]} O-O
{[%clk 1:28:54]} 11. b4 {[%clk 1:22:44]} b6 {[%clk 1:26:14]} 12. Be3
{[%clk 1:18:46]} Bb7 {[%clk 1:24:46]} 13. Qb3 {[%clk 1:16:44]} Rac8
{[%clk 1:22:24]} 14. Rfd1 {[%clk 1:16:53]} Rfd8 {[%clk 1:17:36]} 15. Rac1
{[%clk 1:14:55]} Qb8 {[%clk 1:08:42]} 16. h3 {[%clk 1:03:44]} Bd6
{[%clk 1:03:19]} 17. Ng5 {[%clk 0:49:21]} Bf4 {[%clk 0:49:27]} 18. d5 exd5
{[%clk 0:36:30]} 19. Nxd5 {[%clk 0:22:53]} Nxd5 {[%clk 0:30:08]} 20. Nxf7
{[%clk 0:14:39]} Nd4 {[%clk 0:13:18]} 21. Rxc8 {[%clk 0:09:56]} Nxe2+
{[%clk 0:11:06]} 22. Kf1 {[%clk 0:08:26]} Rxc8 {[%clk 0:09:27]} 23. Rxd5
{[%clk 0:08:43]} Bxd5 {[%clk 0:01:18]} 24. Qxd5 {[%clk 0:09:12]} Kf8
{[%clk 0:01:30]} 25. Qf5 {[%clk 0:08:23]} Kg8 {[%clk 0:01:08]} 26. Qe6
{[%clk 0:06:50]} Kf8 {[%clk 0:01:19]} 27. Qf5 {[%clk 0:06:12]} Ke7
{[%clk 0:00:49]} 28. Ng5 Rf8 {[%clk 0:00:34]} 29. Qe6+ {[%clk 0:06:01]} Kd8
{[%clk 0:00:58]} 30. Nf7+ {[%clk 0:02:55]} Kc7 {[%clk 0:00:47]} 31. Qe7+
{[%clk 0:01:12]} Kc6 {[%clk 0:01:09]} 32. Kxe2 {[%clk 0:00:55]} Qe8
{[%clk 0:00:41]} 33. b5+ {[%clk 0:00:38]} Kd5 {[%clk 0:00:33]} 34. Qb7+
{[%clk 0:00:32]} Kc4 {[%clk 0:00:37]} 35. Qxa7 {[%clk 0:00:32]} Rxf7
{[%clk 0:00:45]} 36. Qa4+ {[%clk 0:00:42]} Kd5 {[%clk 0:00:39]} 37. Qd4+
{[%clk 0:01:05]} Ke6 {[%clk 0:00:56]} 38. Bxf4 {[%clk 0:00:42]} Kf5+
{[%clk 0:01:08]} 39. Kf3 {[%clk 0:00:34]} Qa8+ {[%clk 0:01:00]} 40. Kg3
{[%clk 0:00:39]} Qe4 {[%clk 0:00:48]} 41. Qxe4+ {[%clk 0:00:32]} Kxe4
{[%clk 0:01:12]} 42. Be3 {[%clk 0:00:37]} Rb7 {[%clk 0:00:55]} 43. a4
{[%clk 0:00:35]} Kd5 {[%clk 0:01:01]} 44. f4 {[%clk 0:00:35]} Kc4
{[%clk 0:01:15]} 45. Bd2 {[%clk 0:00:35]} Ra7 {[%clk 0:00:54]} 46. Be3
{[%clk 0:00:35]} Rxa4 {[%clk 0:00:59]} 47. Bxb6 {[%clk 0:01:01]} Kxb5
{[%clk 0:01:17]} 48. Bc7 {[%clk 0:01:27]} Kc6 {[%clk 0:01:14]} 49. Be5
{[%clk 0:01:53]} Ra7 {[%clk 0:01:17]} 50. Kg4 {[%clk 0:00:50]} Kd5
{[%clk 0:01:36]} 51. Kg5 {[%clk 0:00:37]} Ke4 {[%clk 0:01:18]} 52. g4
{[%clk 0:00:35]} Rf7 {[%clk 0:00:58]} 53. h4 {[%clk 0:00:35]} Ra7
{[%clk 0:00:50]} 54. h5 {[%clk 0:01:00]} Re7 {[%clk 0:00:35]} 55. h6
{[%clk 0:00:35]} g6 {[%clk 0:00:33]} 56. Kf6 {[%clk 0:00:33]} Rb7
{[%clk 0:00:46]} 57. g5 {[%clk 0:00:33]} Rd7 {[%clk 0:00:48]} 58. Ke6
{[%clk 0:00:36]} Rb7 {[%clk 0:01:02]} 59. Kf6 {[%clk 0:00:32]} Ra7
{[%clk 0:00:52]} 60. Ke6 {[%clk 0:00:44]} Rb7 {[%clk 0:00:45]} 61. Kf6
{[%clk 0:00:44]} Ra7 {[%clk 0:00:54]} 62. Ke6 {[%clk 0:00:34]} 1/2-1/2

[Event "EYCC 2024 - G16"]
[Site "?"]
[Date "2024.08.22"]
[Round "1.2"]
[White "Dieguez Novoa, Pura"]
[Black "Shvedova, Alexandra"]
[Result "0-1"]
[BlackElo "2219"]
[WhiteElo "1851"]
[LiveChessVersion "1.4.8"]

1. e4 {[%clk 1:30:59]} c5 {[%clk 1:30:54]} 2. Nf3 {[%clk 1:31:20]} d6
{[%clk 1:31:19]} 3. d4 {[%clk 1:31:42]} cxd4 {[%clk 1:31:44]} 4. Nxd4
{[%clk 1:32:07]} Nf6 {[%clk 1:32:09]} 5. Nc3 {[%clk 1:32:26]} a6 {[%clk 1:32:33]}
6. Be2 {[%clk 1:32:26]} e5 {[%clk 1:32:40]} 7. Nb3 {[%clk 1:32:48]} Be7
{[%clk 1:33:03]} 8. O-O {[%clk 1:32:57]} O-O {[%clk 1:33:25]} 9. Be3
{[%clk 1:31:01]} Be6 {[%clk 1:33:32]} 10. Qd3 {[%clk 1:23:53]} Nc6
{[%clk 1:33:17]} 11. a3 {[%clk 1:22:17]} Rc8 {[%clk 1:32:49]} 12. Nd5
{[%clk 1:18:26]} Nd7 {[%clk 1:32:27]} 13. Rfd1 {[%clk 1:11:22]} Bg5
{[%clk 1:24:46]} 14. c4 {[%clk 0:55:22]} g6 {[%clk 1:01:26]} 15. c5
{[%clk 0:34:59]} Bxe3 {[%clk 0:51:13]} 16. Qxe3 {[%clk 0:35:10]} dxc5
{[%clk 0:50:14]} 17. Nxc5 {[%clk 0:35:22]} Nxc5 {[%clk 0:49:37]} 18. Qxc5
{[%clk 0:35:35]} Bxd5 {[%clk 0:48:45]} 19. Rxd5 {[%clk 0:35:27]} Nd4
{[%clk 0:46:59]} 20. Rxd8 {[%clk 0:30:50]} Nxe2+ {[%clk 0:47:06]} 21. Kf1
{[%clk 0:29:57]} Rxc5 {[%clk 0:47:25]} 22. Rxf8+ {[%clk 0:30:08]} Kxf8
{[%clk 0:47:51]} 23. Kxe2 {[%clk 0:30:30]} Rc2+ {[%clk 0:48:17]} 24. Kf3
{[%clk 0:30:33]} Rxb2 {[%clk 0:48:41]} 25. Kg3 {[%clk 0:30:08]} Ke7
{[%clk 0:47:05]} 26. f3 {[%clk 0:30:24]} b5 {[%clk 0:45:20]} 27. h4
{[%clk 0:30:38]} h5 {[%clk 0:45:15]} 28. Kh3 {[%clk 0:30:43]} Rb3
{[%clk 0:45:25]} 29. Kg3 {[%clk 0:30:54]} Kd6 {[%clk 0:45:14]} 30. Kf2
{[%clk 0:30:52]} Kc5 {[%clk 0:45:27]} 31. g4 {[%clk 0:31:00]} hxg4
{[%clk 0:45:06]} 32. fxg4 {[%clk 0:31:01]} Rh3 {[%clk 0:45:08]} 33. Rd1
{[%clk 0:30:38]} f6 {[%clk 0:37:13]} 34. Rd5+ {[%clk 0:30:51]} Kc6
{[%clk 0:37:22]} 35. Rd8 {[%clk 0:30:52]} Rxh4 {[%clk 0:37:01]} 36. Kg3
{[%clk 0:31:14]} Rh1 {[%clk 0:36:45]} 37. Re8 {[%clk 0:31:23]} Rd1
{[%clk 0:32:23]} 0-1

[Event "EYCC 2024 - G16"]
[Site "?"]
[Date "2024.08.22"]
[Round "1.3"]
[White "Sprzeczka, Emilia"]
[Black "Szarvas, Nora"]
[Result "1-0"]
[BlackElo "1850"]
[WhiteElo "2149"]
[LiveChessVersion "1.4.8"]

1. e4 {[%clk 1:30:57]} c5 {[%clk 1:30:53]} 2. Nf3 {[%clk 1:31:20]} d6
{[%clk 1:31:17]} 3. Nc3 {[%clk 1:31:23]} Nc6 {[%clk 1:31:35]} 4. g3
{[%clk 1:28:45]} g6 {[%clk 1:31:17]} 5. d4 {[%clk 1:28:26]} cxd4 {[%clk 1:30:58]}
6. Nxd4 {[%clk 1:28:48]} Bg7 {[%clk 1:30:17]} 7. Nde2 {[%clk 1:25:07]} Nf6
{[%clk 1:26:41]} 8. Bg2 {[%clk 1:25:05]} O-O {[%clk 1:26:08]} 9. O-O
{[%clk 1:25:19]} Bg4 {[%clk 1:08:49]} 10. h3 {[%clk 1:20:15]} Bxe2
{[%clk 1:08:16]} 11. Nxe2 {[%clk 1:20:13]} Rc8 {[%clk 1:05:39]} 12. Be3
{[%clk 1:07:48]} Qc7 {[%clk 1:01:31]} 13. c4 {[%clk 1:04:14]} Nd7
{[%clk 0:53:08]} 14. Rb1 {[%clk 1:01:07]} Qa5 {[%clk 0:48:46]} 15. Nc1
{[%clk 0:51:25]} Nce5 {[%clk 0:37:05]} 16. b3 {[%clk 0:49:32]} Nf6
{[%clk 0:30:18]} 17. Qe2 {[%clk 0:41:50]} Rfd8 {[%clk 0:27:08]} 18. f4
{[%clk 0:36:58]} Ned7 {[%clk 0:25:59]} 19. Kh2 {[%clk 0:33:46]} Qc7
{[%clk 0:22:20]} 20. Nd3 {[%clk 0:30:12]} a6 {[%clk 0:19:28]} 21. Rbc1
{[%clk 0:24:58]} b6 {[%clk 0:15:48]} 22. g4 {[%clk 0:22:36]} Nc5 {[%clk 0:14:29]}
23. Bf2 {[%clk 0:19:12]} Nxd3 {[%clk 0:13:50]} 24. Qxd3 {[%clk 0:19:36]} Nd7
{[%clk 0:13:52]} 25. Bg3 {[%clk 0:19:15]} Qc5 {[%clk 0:13:14]} 26. Bf2
{[%clk 0:18:14]} Qc7 {[%clk 0:13:34]} 27. b4 {[%clk 0:17:56]} d5 {[%clk 0:09:54]}
28. exd5 {[%clk 0:15:36]} Qxf4+ {[%clk 0:10:11]} 29. Bg3 {[%clk 0:14:42]} Qd4
{[%clk 0:10:06]} 30. Qe2 {[%clk 0:12:31]} Be5 {[%clk 0:07:07]} 31. Rfd1
{[%clk 0:11:01]} Bxg3+ {[%clk 0:07:29]} 32. Kxg3 {[%clk 0:11:26]} Qf6
{[%clk 0:07:02]} 33. a3 {[%clk 0:08:22]} a5 {[%clk 0:06:34]} 34. Qd2
{[%clk 0:07:26]} axb4 {[%clk 0:06:15]} 35. axb4 {[%clk 0:07:39]} Qd6+
{[%clk 0:05:47]} 36. Kf2 {[%clk 0:06:33]} Ne5 {[%clk 0:05:25]} 37. Qd4
{[%clk 0:04:33]} Nc6 {[%clk 0:03:32]} 38. Qxb6 {[%clk 0:04:14]} Nxb4
{[%clk 0:03:34]} 39. Qd4 {[%clk 0:03:33]} Nc6 {[%clk 0:03:55]} 40. Qe3
{[%clk 0:03:26]} Qf6+ {[%clk 0:02:46]} 41. Kg1 {[%clk 0:03:28]} Qe5
{[%clk 0:02:06]} 42. Qf2 {[%clk 0:03:17]} Nb4 {[%clk 0:02:09]} 43. Re1
{[%clk 0:03:13]} Qc7 {[%clk 0:02:02]} 44. Qe3 {[%clk 0:03:07]} Rd7
{[%clk 0:02:11]} 45. h4 {[%clk 0:01:51]} Qc5 {[%clk 0:02:29]} 46. Be4
{[%clk 0:00:50]} Qxe3+ {[%clk 0:02:25]} 47. Rxe3 {[%clk 0:01:15]} Nxd5
{[%clk 0:02:36]} 48. Rd3 {[%clk 0:01:00]} Nb6 {[%clk 0:02:22]} 49. c5
{[%clk 0:00:57]} Rxd3 {[%clk 0:02:38]} 50. Bxd3 {[%clk 0:01:22]} Nd7
{[%clk 0:02:55]} 51. c6 {[%clk 0:01:26]} Ne5 {[%clk 0:03:08]} 52. Be4
{[%clk 0:00:58]} Rc7 {[%clk 0:01:25]} 53. Rb1 {[%clk 0:00:57]} e6
{[%clk 0:01:12]} 54. g5 {[%clk 0:01:03]} Kf8 {[%clk 0:01:09]} 55. Rb7
{[%clk 0:00:49]} Rxb7 {[%clk 0:01:09]} 56. cxb7 {[%clk 0:01:15]} Nd7
{[%clk 0:01:36]} 57. Bc6 {[%clk 0:01:21]} Nb8 {[%clk 0:02:02]} 58. Bb5
{[%clk 0:01:40]} Ke7 {[%clk 0:02:21]} 59. Kf2 {[%clk 0:01:57]} f6
{[%clk 0:01:50]} 60. Ke3 {[%clk 0:01:24]} fxg5 {[%clk 0:01:52]} 61. hxg5
{[%clk 0:01:46]} Kd6 {[%clk 0:01:27]} 62. Kd4 {[%clk 0:01:15]} Kc7
{[%clk 0:00:50]} 63. Ke5 {[%clk 0:01:11]} Kxb7 {[%clk 0:01:00]} 64. Kxe6
{[%clk 0:01:29]} Kc7 {[%clk 0:01:23]} 65. Kf7 {[%clk 0:01:15]} Kd6
{[%clk 0:01:34]} 66. Kg7 {[%clk 0:01:11]} Ke7 {[%clk 0:01:24]} 67. Kxh7
{[%clk 0:01:27]} Kf7 {[%clk 0:01:44]} 68. Kh6 {[%clk 0:01:53]} Kf8
{[%clk 0:01:36]} 69. Kxg6 {[%clk 0:02:10]} Kg8 {[%clk 0:01:58]} 70. Kf6
{[%clk 0:02:02]} Kf8 {[%clk 0:01:42]} 71. g6 {[%clk 0:02:27]} 1-0

[Event "EYCC 2024 - G16"]
[Site "?"]
[Date "2024.08.22"]
[Round "1.4"]
[White "Chendighilean, Anna"]
[Black "Moskalets, Sofiia"]
[Result "0-1"]
[BlackElo "2119"]
[WhiteElo "1835"]
[LiveChessVersion "1.4.8"]

1. d4 {[%clk 1:30:58]} Nf6 {[%clk 1:30:51]} 2. Nf3 {[%clk 1:31:02]} g6
{[%clk 1:31:08]} 3. Nbd2 {[%clk 1:30:59]} Bg7 {[%clk 1:31:17]} 4. e4
{[%clk 1:30:42]} d6 {[%clk 1:31:29]} 5. Bb5+ {[%clk 1:30:35]} c6 {[%clk 1:30:35]}
6. Bd3 {[%clk 1:30:58]} O-O {[%clk 1:30:31]} 7. O-O {[%clk 1:30:10]} Re8
{[%clk 1:29:14]} 8. Re1 {[%clk 1:29:15]} e5 {[%clk 1:27:43]} 9. c3
{[%clk 1:27:10]} Nbd7 {[%clk 1:25:45]} 10. Nc4 {[%clk 1:16:56]} Qc7
{[%clk 1:23:13]} 11. dxe5 {[%clk 1:14:41]} Nxe5 {[%clk 1:21:43]} 12. Ncxe5
{[%clk 1:12:21]} dxe5 {[%clk 1:22:05]} 13. h3 {[%clk 1:10:18]} h6
{[%clk 1:15:26]} 14. b4 {[%clk 1:05:26]} Be6 {[%clk 1:08:10]} 15. Be3
{[%clk 1:02:48]} Rad8 {[%clk 1:01:47]} 16. Qc2 {[%clk 0:59:48]} Nh5
{[%clk 0:57:00]} 17. a4 {[%clk 0:52:14]} Nf4 {[%clk 0:55:57]} 18. Bf1
{[%clk 0:51:50]} a5 {[%clk 0:46:39]} 19. Rab1 {[%clk 0:45:07]} axb4
{[%clk 0:46:12]} 20. Rxb4 {[%clk 0:39:25]} Qe7 {[%clk 0:45:28]} 21. Reb1
{[%clk 0:35:25]} Bc8 {[%clk 0:44:36]} 22. a5 {[%clk 0:31:41]} Rf8
{[%clk 0:41:03]} 23. Rb6 {[%clk 0:28:34]} Kh7 {[%clk 0:31:17]} 24. a6
{[%clk 0:24:21]} bxa6 {[%clk 0:31:39]} 25. Rxc6 {[%clk 0:22:37]} Qd7
{[%clk 0:24:42]} 26. Rcb6 {[%clk 0:21:42]} Qe7 {[%clk 0:19:45]} 27. Bxa6
{[%clk 0:19:22]} Be6 {[%clk 0:19:56]} 28. Rb7 {[%clk 0:16:32]} Qf6
{[%clk 0:19:32]} 29. R1b6 {[%clk 0:15:56]} Nxh3+ {[%clk 0:17:43]} 30. Kh2
{[%clk 0:15:01]} g5 {[%clk 0:15:06]} 31. Bc4 {[%clk 0:08:49]} g4 {[%clk 0:12:19]}
32. Ne1 {[%clk 0:06:22]} Qh4 {[%clk 0:10:05]} 33. Bxe6 {[%clk 0:05:15]} Nxf2+
{[%clk 0:10:12]} 34. Kg1 {[%clk 0:05:20]} Qh1+ {[%clk 0:07:33]} 35. Kxf2
{[%clk 0:05:34]} fxe6+ {[%clk 0:07:57]} 36. Kg3 {[%clk 0:02:31]} Qxe1+
{[%clk 0:08:20]} 37. Bf2 {[%clk 0:01:42]} Rxf2 {[%clk 0:08:33]} 38. Qa4
{[%clk 0:01:23]} Rxg2+ {[%clk 0:08:25]} 39. Kxg2 {[%clk 0:01:46]} Rd2#
{[%clk 0:08:48]} 0-1

[Event "EYCC 2024 - G16"]
[Site "?"]
[Date "2024.08.22"]
[Round "1.5"]
[White "Toth, Lili"]
[Black "Alexandri, Vasiliki"]
[Result "0-1"]
[BlackElo "1824"]
[WhiteElo "2078"]
[LiveChessVersion "1.4.8"]

1. e4 {[%clk 1:30:58]} c5 {[%clk 1:30:54]} 2. Nf3 {[%clk 1:31:17]} Nc6
{[%clk 1:31:18]} 3. d4 {[%clk 1:31:41]} cxd4 {[%clk 1:31:40]} 4. Nxd4
{[%clk 1:32:08]} Nf6 {[%clk 1:31:57]} 5. Nc3 {[%clk 1:32:22]} e5 {[%clk 1:32:15]}
6. Ndb5 {[%clk 1:32:45]} d6 {[%clk 1:32:32]} 7. Bg5 {[%clk 1:32:58]} a6
{[%clk 1:32:53]} 8. Na3 {[%clk 1:33:22]} b5 {[%clk 1:33:01]} 9. Nd5
{[%clk 1:33:41]} Be7 {[%clk 1:33:19]} 10. Nxe7 {[%clk 1:34:06]} Nxe7
{[%clk 1:33:23]} 11. Bxf6 {[%clk 1:32:34]} gxf6 {[%clk 1:33:45]} 12. Qf3
{[%clk 1:31:29]} Nc6 {[%clk 1:19:06]} 13. c3 {[%clk 1:30:14]} Be6
{[%clk 1:16:08]} 14. Nc2 {[%clk 1:24:01]} Ke7 {[%clk 1:04:11]} 15. Ne3
{[%clk 1:23:15]} Qa5 {[%clk 1:00:23]} 16. Be2 {[%clk 1:18:44]} Nd4
{[%clk 0:53:48]} 17. Qh5 {[%clk 1:14:42]} Rag8 {[%clk 0:48:37]} 18. h4
{[%clk 1:10:48]} Nb3 {[%clk 0:30:36]} 19. Rd1 {[%clk 0:23:49]} Qxa2
{[%clk 0:27:53]} 20. O-O {[%clk 0:24:14]} Qxb2 {[%clk 0:21:10]} 21. f4
{[%clk 0:21:19]} Qxc3 {[%clk 0:03:01]} 22. Rd3 {[%clk 0:01:37]} Qc5
{[%clk 0:02:48]} 23. Kh1 {[%clk 0:01:05]} Nd4 {[%clk 0:00:58]} 24. Nd5+
{[%clk 0:00:44]} Bxd5 {[%clk 0:01:07]} 25. exd5 {[%clk 0:00:43]} Rg7
{[%clk 0:00:34]} 26. fxe5 {[%clk 0:00:50]} fxe5 {[%clk 0:00:39]} 27. Qh6
{[%clk 0:00:58]} Rg6 {[%clk 0:00:38]} 28. Qd2 {[%clk 0:00:56]} Nxe2
{[%clk 0:00:36]} 29. Qxe2 {[%clk 0:01:24]} Qc4 {[%clk 0:00:35]} 30. h5
{[%clk 0:01:21]} Rg7 {[%clk 0:00:35]} 31. Qf3 {[%clk 0:01:34]} Qh4+
{[%clk 0:00:49]} 32. Kg1 {[%clk 0:02:03]} Rf8 {[%clk 0:00:40]} 33. Rc1
{[%clk 0:01:11]} Rd8 {[%clk 0:00:34]} 34. Qf5 {[%clk 0:00:48]} Rd7
{[%clk 0:00:39]} 35. Rdc3 {[%clk 0:00:34]} Qg5 {[%clk 0:00:36]} 36. Qh3
{[%clk 0:00:39]} Qg4 {[%clk 0:00:47]} 37. Qh2 {[%clk 0:00:38]} Qd4+
{[%clk 0:00:58]} 38. Kh1 {[%clk 0:00:49]} Rg4 {[%clk 0:01:10]} 39. g3
{[%clk 0:00:42]} Qxd5+ {[%clk 0:01:31]} 40. Kg1 {[%clk 0:01:09]} Qd4+
{[%clk 0:01:39]} 41. Kf1 {[%clk 0:01:06]} b4 {[%clk 0:01:19]} 42. Rf3
{[%clk 0:01:13]} e4 {[%clk 0:00:43]} 43. Qe2 {[%clk 0:01:09]} Kd8
{[%clk 0:00:36]} 44. Re3 {[%clk 0:00:50]} f5 {[%clk 0:00:39]} 45. Rd1
{[%clk 0:00:43]} Qb6 {[%clk 0:00:43]} 46. Qd2 {[%clk 0:00:32]} Qb5+
{[%clk 0:00:45]} 47. Ke1 {[%clk 0:00:41]} a5 {[%clk 0:00:49]} 48. Qd4
{[%clk 0:00:55]} Qc5 {[%clk 0:00:33]} 49. Qd2 {[%clk 0:00:43]} a4
{[%clk 0:00:34]} 50. Rc1 {[%clk 0:01:04]} Qb6 {[%clk 0:00:41]} 51. Ke2
{[%clk 0:01:08]} d5 {[%clk 0:00:47]} 52. Qc2 {[%clk 0:01:05]} Ke7
{[%clk 0:00:51]} 53. Qc8 {[%clk 0:01:15]} d4 {[%clk 0:00:51]} 54. Qh8
{[%clk 0:00:41]} Qa6+ {[%clk 0:00:36]} 55. Ke1 {[%clk 0:00:58]} Qh6
{[%clk 0:00:38]} 56. Qe5+ {[%clk 0:01:10]} Qe6 {[%clk 0:00:41]} 57. Qh8
{[%clk 0:00:42]} dxe3 {[%clk 0:00:39]} 58. Rc8 {[%clk 0:01:06]} Kd6
{[%clk 0:00:32]} 59. Qf8+ {[%clk 0:00:45]} Qe7 {[%clk 0:00:35]} 60. Qxf5
{[%clk 0:00:44]} Rg5 {[%clk 0:00:39]} 61. Qf4+ {[%clk 0:00:46]} Re5
{[%clk 0:00:46]} 62. Qh6+ {[%clk 0:01:06]} Qe6 {[%clk 0:00:37]} 63. Qf8+
{[%clk 0:01:18]} Qe7 {[%clk 0:00:42]} 64. Qh6+ {[%clk 0:01:41]} Re6
{[%clk 0:00:59]} 65. Qf4+ {[%clk 0:01:09]} Kd5 {[%clk 0:00:39]} 66. Qf5+
{[%clk 0:00:34]} Re5 {[%clk 0:00:58]} 67. Qf1 {[%clk 0:00:58]} Rc7
{[%clk 0:00:43]} 68. Qb5+ {[%clk 0:00:53]} Rc5 {[%clk 0:00:55]} 0-1

[Event "EYCC 2024 - G16"]
[Site "?"]
[Date "2024.08.22"]
[Round "1.6"]
[White "Ahn, Anastasia"]
[Black "Sekova, Olivia"]
[Result "0-1"]
[BlackElo "2073"]
[WhiteElo "1820"]
[LiveChessVersion "1.4.8"]

1. d4 {[%clk 1:30:11]} Nf6 {[%clk 1:30:50]} 2. Nc3 {[%clk 1:30:16]} d5
{[%clk 1:31:13]} 3. Bf4 {[%clk 1:30:41]} a6 {[%clk 1:31:38]} 4. e3
{[%clk 1:31:05]} h6 {[%clk 1:31:52]} 5. h4 {[%clk 1:26:43]} e6 {[%clk 1:30:07]}
6. g4 {[%clk 1:24:20]} c5 {[%clk 1:28:00]} 7. Qf3 {[%clk 1:24:19]} Nc6
{[%clk 1:26:41]} 8. Nge2 {[%clk 1:22:26]} Nxg4 {[%clk 1:13:50]} 9. Qxg4
{[%clk 1:15:51]} e5 {[%clk 1:13:59]} 10. Qf3 {[%clk 1:15:56]} exf4
{[%clk 1:12:06]} 11. Nxd5 {[%clk 1:10:01]} fxe3 {[%clk 1:09:00]} 12. Qxe3+
{[%clk 1:04:41]} Be6 {[%clk 1:09:23]} 13. Nef4 {[%clk 0:59:02]} cxd4
{[%clk 1:02:31]} 14. Nxe6 {[%clk 0:57:47]} dxe3 {[%clk 1:02:18]} 15. Nxd8
{[%clk 0:51:19]} exf2+ {[%clk 1:02:01]} 16. Kxf2 {[%clk 0:50:39]} Bc5+
{[%clk 1:01:56]} 17. Kg3 {[%clk 0:48:57]} Rxd8 {[%clk 1:01:12]} 18. Re1+
{[%clk 0:47:20]} Kf8 {[%clk 0:59:01]} 19. Bg2 {[%clk 0:42:28]} g6
{[%clk 0:54:49]} 20. c3 {[%clk 0:36:53]} Kg7 {[%clk 0:54:04]} 21. b4
{[%clk 0:35:08]} Bd6+ {[%clk 0:54:16]} 22. Kh3 {[%clk 0:31:57]} Ne5
{[%clk 0:49:04]} 23. Rhf1 {[%clk 0:28:03]} g5 {[%clk 0:41:57]} 24. Be4
{[%clk 0:24:45]} Rc8 {[%clk 0:32:48]} 25. Rf6 {[%clk 0:17:30]} Rxc3+
{[%clk 0:28:32]} 26. Nxc3 {[%clk 0:16:38]} Kxf6 {[%clk 0:28:57]} 27. Bxb7
{[%clk 0:16:01]} Kg6 {[%clk 0:24:31]} 28. Bxa6 {[%clk 0:11:44]} g4+
{[%clk 0:21:39]} 29. Kg2 {[%clk 0:11:55]} Nf3 {[%clk 0:20:26]} 30. Bd3+
{[%clk 0:06:34]} Kh5 {[%clk 0:19:15]} 31. Rd1 {[%clk 0:05:41]} Nxh4+
{[%clk 0:19:10]} 32. Kh1 {[%clk 0:05:15]} Bxb4 {[%clk 0:17:01]} 33. Nd5
{[%clk 0:04:44]} Ba3 {[%clk 0:15:17]} 34. Nf6+ {[%clk 0:01:55]} Kg5
{[%clk 0:15:40]} 35. Ne4+ {[%clk 0:01:59]} Kf4 {[%clk 0:15:57]} 36. Nd2
{[%clk 0:01:16]} g3 {[%clk 0:15:20]} 37. Nb3 {[%clk 0:00:51]} g2+
{[%clk 0:15:37]} 38. Kh2 {[%clk 0:00:49]} Rg8 {[%clk 0:15:59]} 0-1

[Event "EYCC 2024 - G16"]
[Site "?"]
[Date "2024.08.22"]
[Round "1.7"]
[White "Zhezhovska, Monika"]
[Black "Novomeska, Karin"]
[Result "1/2-1/2"]
[BlackElo "1815"]
[WhiteElo "2069"]
[LiveChessVersion "1.4.8"]

1. d4 {[%clk 1:30:57]} d5 {[%clk 1:30:54]} 2. c4 {[%clk 1:31:21]} c6
{[%clk 1:31:18]} 3. Nc3 {[%clk 1:31:21]} Nf6 {[%clk 1:31:13]} 4. Nf3
{[%clk 1:31:25]} e6 {[%clk 1:23:39]} 5. Bg5 {[%clk 1:29:21]} Be7 {[%clk 1:18:34]}
6. e3 {[%clk 1:27:15]} Nbd7 {[%clk 1:15:40]} 7. Bd3 {[%clk 1:22:49]} dxc4
{[%clk 1:00:53]} 8. Bxc4 {[%clk 1:21:48]} b5 {[%clk 0:55:15]} 9. Bd3
{[%clk 1:20:14]} a6 {[%clk 0:46:36]} 10. O-O {[%clk 1:10:49]} h6 {[%clk 0:40:49]}
11. Bh4 {[%clk 1:08:49]} Bb7 {[%clk 0:38:27]} 12. Rc1 {[%clk 0:50:02]} O-O
{[%clk 0:34:00]} 13. Bb1 {[%clk 0:41:10]} Nd5 {[%clk 0:15:43]} 14. Bxe7
{[%clk 0:39:22]} Nxe7 {[%clk 0:14:21]} 15. Ne4 {[%clk 0:38:41]} Qb6
{[%clk 0:05:05]} 16. Nc5 {[%clk 0:38:43]} Nxc5 {[%clk 0:04:00]} 17. Rxc5
{[%clk 0:39:07]} Rfd8 {[%clk 0:03:21]} 18. Qc2 {[%clk 0:39:23]} Ng6
{[%clk 0:03:06]} 19. Ne5 {[%clk 0:36:44]} Nxe5 {[%clk 0:03:26]} 20. Qh7+
{[%clk 0:35:56]} Kf8 {[%clk 0:03:55]} 21. Rxe5 {[%clk 0:36:16]} c5
{[%clk 0:01:00]} 22. Rxc5 {[%clk 0:36:03]} Ke7 {[%clk 0:00:47]} 23. Rfc1
{[%clk 0:35:31]} Rac8 {[%clk 0:00:44]} 24. f3 {[%clk 0:33:54]} Qd6
{[%clk 0:00:41]} 25. Be4 {[%clk 0:32:34]} Bxe4 {[%clk 0:00:45]} 26. Qxe4
{[%clk 0:33:02]} Rxc5 {[%clk 0:00:58]} 27. Rxc5 {[%clk 0:33:25]} Rd7
{[%clk 0:01:11]} 28. Qc2 {[%clk 0:30:44]} Qb6 {[%clk 0:01:12]} 29. Kf2
{[%clk 0:29:29]} Qa5 {[%clk 0:01:16]} 30. Rc6 {[%clk 0:29:13]} Qxa2
{[%clk 0:01:18]} 31. e4 {[%clk 0:26:43]} f6 {[%clk 0:00:47]} 32. Rc8
{[%clk 0:22:28]} Kf7 {[%clk 0:01:02]} 33. Qc3 {[%clk 0:21:38]} Qa4
{[%clk 0:01:17]} 34. b4 {[%clk 0:18:47]} Qd1 {[%clk 0:01:24]} 35. Rc7
{[%clk 0:16:18]} Rxc7 {[%clk 0:01:50]} 36. Qxc7+ {[%clk 0:16:43]} Kg6
{[%clk 0:02:04]} 37. Qc3 {[%clk 0:16:58]} Kf7 {[%clk 0:01:45]} 38. Kg3
{[%clk 0:16:06]} g5 {[%clk 0:01:58]} 39. h3 {[%clk 0:14:47]} Kg6 {[%clk 0:02:00]}
40. Qc8 {[%clk 0:13:40]} Kf7 {[%clk 0:01:19]} 41. Qd7+ {[%clk 0:13:42]} Kf8
{[%clk 0:01:32]} 42. Qd6+ {[%clk 0:13:51]} Kf7 {[%clk 0:01:54]} 43. d5
{[%clk 0:14:07]} exd5 {[%clk 0:01:49]} 44. Qd7+ {[%clk 0:13:21]} Kf8
{[%clk 0:02:07]} 45. exd5 {[%clk 0:08:41]} h5 {[%clk 0:01:44]} 46. Qd6+
{[%clk 0:09:02]} Kf7 {[%clk 0:01:47]} 47. Qe6+ {[%clk 0:09:28]} Kg6
{[%clk 0:01:58]} 48. d6 {[%clk 0:07:49]} Qd2 {[%clk 0:02:06]} 49. Qe8+
{[%clk 0:04:30]} Kh6 {[%clk 0:01:50]} 50. d7 {[%clk 0:01:55]} Qf4+
{[%clk 0:02:06]} 51. Kf2 {[%clk 0:01:37]} Qd2+ {[%clk 0:02:33]} 52. Kg1
{[%clk 0:01:24]} Qc1+ {[%clk 0:02:52]} 53. Kh2 {[%clk 0:01:49]} Qf4+
{[%clk 0:03:16]} 54. g3 {[%clk 0:00:42]} Qd2+ {[%clk 0:03:35]} 55. Kg1
{[%clk 0:00:59]} Qd1+ {[%clk 0:03:49]} 56. Kf2 {[%clk 0:01:23]} Qd2+
{[%clk 0:04:06]} 57. Kf1 {[%clk 0:01:48]} Qd1+ {[%clk 0:04:30]} 1/2-1/2